Missing Word: Zoe Saldana Quiz Stats

 Plays Quiz Updated May 13, 2019

Score 0/16 Timer 03:00
1 Play Today
Hint Answer % Correct
___ of the GalaxyGuardians
94.4%
Get Over ___It
88.3%
Guess ___Who
84.4%
Pirates of the Caribbean: The ___ of the Black PearlCurse
84.3%
Star Trek ___ DarknessInto
84.2%
My Little ___: The MoviePony
83.4%
Vantage ___Point
82.1%
Avengers: ___ WarInfinity
80.4%
Hint Answer % Correct
Death at a ___Funeral
69.2%
Avengers: ___Endgame
65.1%
Star Trek ___Beyond
35.4%
Infinitely Polar ___Bear
24.2%
Missing ___Link
21.9%
___ of the FurnaceOut
21.6%
The ___ of LifeBook
19.6%
I ___ GiantsKill
19.3%

Today's Daily Dose

You're not logged in!

Compare scores with friends on all Sporcle quizzes.
OR
Log In

Show Comments

Extras

Top Quizzes Today


Score Distribution

Your Account Isn't Verified!

In order to create a playlist on Sporcle, you need to verify the email address you used during registration. Go to your Sporcle Settings to finish the process.

Report this User

Report this user for behavior that violates our Community Guidelines.

Details: